Discursos pronunciados en el acto académico celebrado el día 13 de junio de 1966 en la Universidad de Navarra / (Record no. 21214)

MARC details
000 -LEADER
campo de control de longitud fija 00646nam a2200181 i 4500
001 - NÚMERO DE CONTROL
campo de control 21214
003 - IDENTIFICADOR DE NÚMERO DE CONTROL
campo de control ES-MaACL
005 - FECHA Y HORA DE LA ÚLTIMA TRANSACCIÓN
campo de control 20251003063037.0
007 - CAMPO FIJO DE DESCRIPCIÓN FÍSICA--INFORMACIÓN GENERAL
campo de control de longitud fija t|
008 - DATOS DE LONGITUD FIJA--INFORMACIÓN GENERAL
campo de control de longitud fija 021122s1966 sp ||||1| spa d
100 1# - ENTRADA PRINCIPAL--NOMBRE DE PERSONA
Nombre de persona Albareda Herrera, José María,
Fechas asociadas al nombre 1902-1966
9 (RLIN) 157514
245 10 - MENCIÓN DEL TÍTULO
Título Discursos pronunciados en el acto académico celebrado el día 13 de junio de 1966 en la Universidad de Navarra /
Mención de responsabilidad, etc. José María Albareda Herrera.
260 ## - PUBLICACIÓN, DISTRIBUCIÓN, ETC.
Lugar de publicación, distribución, etc. Pamplona :
Nombre del editor, distribuidor, etc. Gómez,
Fecha de publicación, distribución, etc. 1966.
300 ## - DESCRIPCIÓN FÍSICA
Extensión 63 p. :
Otras características físicas 1 retr. aut. ;
Dimensiones 28 cm.
710 2# - ENTRADA AGREGADA--NOMBRE DE ENTIDAD CORPORATIVA
Nombre de entidad corporativa o nombre de jurisdicción como elemento de entrada Universidad de Navarra.
9 (RLIN) 7252
852 ## - LOCALIZACIÓN
Ubicación ES-MaACL
Número de control de estantería C-32948
Sublocalización o colección R.62780
Holdings
Estatus retirado Estado de pérdida Estado de daño No para préstamo Biblioteca de origen Biblioteca actual Ubicación en estantería Fecha de adquisición Fuente de adquisición Total de préstamos Signatura topográfica completa Código de barras Visto por última vez Precio de reemplazo Tipo de ítem Koha
        Biblioteca del Ateneo de Madrid Biblioteca del Ateneo de Madrid Depósito 2 17/01/2008     C-32948 1021791 23/02/2023 23/02/2023 Libro impreso